000
00301nam a2200109Ia 4500
100
_a
Krishnamurthy Hanuru
245
0
_a
Agnatanobbana Atma Charitre (Novel)
264
_b
Akita Pushtaka|Basavangudi
_a
Bangalore
300
_a
232
942
_c
IR
999
_c
120793
_d
120793